|
|
|
|
| LEADER |
00000cam a2200000 i 4500 |
| 003 |
Ucuenca |
| 005 |
20240318105706.0 |
| 006 |
a||||fr|||| 001 | |
| 007 |
ta |
| 008 |
988012s1987 ec aaaafr |||1|||spa a |
| 040 |
|
|
|b spa
|a UCuenca-cdrjbv
|c UCuenca
|e rda
|
| 041 |
0 |
|
|a spa
|
| 082 |
0 |
|
|2 21
|a 616.12
|c 20718
|
| 100 |
1 |
|
|9 163514
|a Moreno Aguilar, Jaime.
|e autor
|
| 245 |
0 |
0 |
|a Normas y guías relacionadas con la reanimación cardiopulmonar /
|c Jaime Moreno Aguilar, Marlo Palacios Guerrero.
|
| 264 |
|
1 |
|a Cuenca:
|b Editorial Instituto Ecuatoriano de Seguridad Social,
|c 1987.
|
| 300 |
|
|
|a 46 páginas:
|b fot
|c 22 cm
|
| 336 |
|
|
|2 rdacontent
|a texto
|b txt
|
| 337 |
|
|
|2 rdamedia
|a no mediado
|b n
|
| 338 |
|
|
|2 rdacarrier
|a volumen
|b nc
|
| 650 |
1 |
7 |
|a Enfermedades
|9 14736
|
| 650 |
1 |
7 |
|2 UCuenca-cdrjbv
|9 17848
|a Primeros auxilios
|
| 650 |
1 |
7 |
|a Cardiopatías
|9 85082
|
| 650 |
1 |
4 |
|a Patologías
|9 3578
|
| 651 |
|
|
|2 UCuenca-cdrjbv
|
| 700 |
1 |
|
|9 85096
|a Palacios Guerrero, Marlo.
|e autor
|
| 852 |
|
|
|a UC-SALUD
|f Donación
|l 1
|m General
|p 19880120
|q S/. 10
|t 20718
|b 0
|d CDRS
|e CDRS
|g 616.12 20718
|z 1988-80-12
|
| 942 |
|
|
|c BK
|z marlene.quinde@ucuenca.edu.ec
|2 ddc
|r margoth.maza@ucuenca.edu.ec
|
| 999 |
|
|
|c 51082
|d 51082
|